Pretty Little Liars Characters Quiz Stats

Quiz not verified by Sporcle

Challenge
Share
Tweet
Embed
Score 0/16 Timer 03:00
0 Plays Today
Clue Character % Correct
????
100%
????
99.6%
????
99.6%
????
99.6%
????
90.6%
????
87.6%
????
86.8%
????
84.6%
Clue Character % Correct
????
81.2%
????
77.8%
????
77.8%
????
77.8%
????
76.1%
????
73.5%
????
70.9%
????
67.5%

You're not logged in!

Compare scores with friends on all Sporcle quizzes.
Sign Up with Email
OR
Log In

You Might Also Like...

Show Comments

Extras

Top Quizzes Today


Score Distribution

Your Account Isn't Verified!

In order to create a playlist on Sporcle, you need to verify the email address you used during registration. Go to your Sporcle Settings to finish the process.